Miasta województwa stanisławowskiego II RP z mapą - Statystyki

Ogólne statystyki
  • Ten quiz został rozwiązany 11 razy
  • Średni wynik to 10 z 29
Odpowiedzi na mapie
Odpowiedzi zakodowano w zielono-czerwonej skali na mapie do tego quizu, zgodnie z poniższymi procentami.
 
Statystyki odpowiedzi
Miasto % Poprawnych
Stanisławów
100%
Kałusz
71%
Stryj
71%
Halicz
57%
Kołomyja
57%
Śniatyn
57%
Turka
57%
Bohorodczany
43%
Dolina
43%
Horodenka
43%
Kuty
43%
Nadwórna
43%
Rohatyn
43%
Żydaczów
43%
Kosów
29%
Skole
29%
Tłumacz
29%
Bolechów
14%
Bołszowce
14%
Bursztyn
14%
Delatyn
14%
Mikołajów
14%
Otynia
14%
Peczeniżyn
14%
Rozdół
14%
Rożniatów
14%
Tyśmienica
14%
Zabłotów
14%
Żurawno
14%
Nie znaleziono quizów pasujących do podanych kryteriów
Rozkład punktacji
Procent ludzi z każdym wynikiem
Percentyl według liczby udzielonych odpowiedzi
Twoja historia wyników
Nie rozwiązałeś tego quizu